Consultation on changes to the building regulations in England (Record no. 113280)

MARC details
000 -LEADER
fixed length control field 01156cad a22002055a 4500
001 - CONTROL NUMBER
control field L155007
008 - FIXED-LENGTH DATA ELEMENTS--GENERAL INFORMATION
fixed length control field 120217s2012 xxk f 000 0 eng d
035 ## - SYSTEM CONTROL NUMBER
System control number (Sirsi) u155007
041 0# - LANGUAGE CODE
Language code of text/sound track or separate title eng
110 2# - MAIN ENTRY--CORPORATE NAME
Corporate name or jurisdiction name as entry element CMS Cameron McKenna
9 (RLIN) 5874
245 00 - TITLE STATEMENT
Title Consultation on changes to the building regulations in England
Remainder of title energy efficiency
Medium [electronic resource]
260 ## - PUBLICATION, DISTRIBUTION, ETC.
Place of publication, distribution, etc. London
Name of publisher, distributor, etc. CMS Cameron McKenna LLP
Date of publication, distribution, etc. 2012
490 #0 - SERIES STATEMENT
Series statement Law-Now Article
520 ## - SUMMARY, ETC.
Summary, etc. An overview: on 31 January 2012 the Department for Communities and Local Government launched a consultation on proposed changes to the Building Regulations regime in England. If implemented, some of these changes may become effective from October 2012 with more following in 2013. The changes relevant to this article are those aimed at reaching carbon targets for buildings by improving energy efficiency and existing building control systems.
590 ## - LOCAL NOTE (RLIN)
Local note KA
651 #4 - SUBJECT ADDED ENTRY--GEOGRAPHIC NAME
Geographic name England
Chronological subdivision 886-
690 ## - LOCAL SUBJECT ADDED ENTRY--TOPICAL TERM (OCLC, RLIN)
Topical term or geographic name as entry element Building regulations
9 (RLIN) 6224
856 40 - ELECTRONIC LOCATION AND ACCESS
Uniform Resource Identifier <a href="https://www.law-now.com/DirectMail/%7B4F49BB29-B3C9-4B88-A65D-CB3942D759DD%7D_energyeffic7feb12.htm">https://www.law-now.com/DirectMail/%7B4F49BB29-B3C9-4B88-A65D-CB3942D759DD%7D_energyeffic7feb12.htm</a>
Public note View this article at www.law-now.com
942 ## - ADDED ENTRY ELEMENTS (KOHA)
Suppress in OPAC 0
Holdings
Withdrawn status Lost status Source of classification or shelving scheme Damaged status Not for loan Home library Current library Shelving location Date acquired Total Checkouts Full call number Barcode Date last seen Copy number Price effective from Koha item type
    Dewey Decimal Classification     Virtual Virtual Online 17/02/2012   ONLINE PUBLICATION 155007-2001 06/08/2019 1 06/08/2019 Book